[Event "2nd China Binhai Open 2020"]
[Site "Tianjin"]
[Date "2020.01.13"]
[Round "2.32"]
[White "Gong, Sunle"]
[Black "Shao, Ziyang B"]
[Result "1/2-1/2"]
[WhiteElo "1860"]
[BlackElo "1464"]
[PlyCount "139"]
[EventDate "2020.01.13"]
[EventType "swiss"]
[EventRounds "9"]
[EventCountry "CHN"]
[TimeControl "5400+30"]

1. d4 Nf6 2. c4 g6 3. f3 Bg7 4. e4 d6 5. Nc3 O-O 6. Be3 e5 7. Nge2 Nc6 8. d5 Ne7 9. g4 h5 10. h3 a6 11. Qd2 Bd7 12. Bg5 Nh7 13. Bh6 h4 14. Be3 b5 15. c5 dxc5 16. Bxc5 g5 17. Rd1 Bc8 18. Nc1 Re8 19. b4 Ng6 20. Nb3 Qf6 21. Qe3 Qf4 22. Ne2 Qf6 23. Rh2 Bf8 24. Rc1 Bd6 25. Rf2 Nhf8 26. Na5 Nd7 27. Bxd6 Qxd6 28. a3 Qb6 29. Qxg5 c5 30. dxc6 Ndf8 31. Nc3 Ne6 32. Qd2 Rd8 33. Nd5 Qd4 34. Qxd4 Nxd4 35. Nb6 Ra7 36. c7 Re8 37. Nc6 Rxc7 38. Nd5 Rxc6 39. Rxc6 Nxc6 40. Nf6+ Kf8 41. Nxe8 Kxe8 42. Rc2 Kd7 43. Kf2 Kd6 44. Ke3 Be6 45. Rc5 Nf4 46. Rc1 Ng6 47. Rd1+ Nd4 48. Rd2 Bc4 49. Rd1 Bxf1 50. Rxf1 Nf4 51. Rh1 Kc6 52. Rc1+ Kb6 53. Rc5 Nc6 54. Rc1 Nxh3 55. g5 Nf4 56. Rd1 Nd4 57. Kf2 a5 58. Rd2 Nh3+ 59. Ke3 Nxg5 60. f4 exf4+ 61. Kxf4 Ngf3 62. Rd1 axb4 63. axb4 h3 64. e5 h2 65. Rh1 Kc6 66. Ke4 Kd7 67. Ke3 Ke6 68. Ke4 f5+ 69. exf6 Kxf6 70. Rxh2 1/2-1/2

[Event "2nd China Binhai Open 2020"]
[Site "Tianjin"]
[Date "2020.01.13"]
[Round "2.33"]
[White "Sun, Haiyang"]
[Black "Chen, Yiru"]
[Result "0-1"]
[WhiteElo "1324"]
[BlackElo "1852"]
[PlyCount "162"]
[EventDate "2020.01.13"]
[EventType "swiss"]
[EventRounds "9"]
[EventCountry "CHN"]
[TimeControl "5400+30"]

1. d4 Nf6 2. c4 e6 3. Nf3 b6 4. g3 Ba6 5. Qc2 c5 6. d5 Bb7 7. Nc3 exd5 8. cxd5 Nxd5 9. Bg2 Nf6 10. O-O Be7 11. Rd1 Nc6 12. Bf4 a6 13. Bd6 Bxd6 14. Rxd6 Qc7 15. Rad1 O-O-O 16. R6d2 Rhe8 17. Qb3 d6 18. Nd5 Nxd5 19. Qxd5 Nd4 20. Qc4 b5 21. Qd3 Qc6 22. Ne1 Qc7 23. Bxb7+ Qxb7 24. Nc2 Nxc2 25. Qxc2 Qe4 26. Qc3 Qe5 27. Qf3 Kb8 28. Qxf7 Rf8 29. Qd5 Qf6 30. e4 Qe7 31. e5 dxe5 32. Qc6 Rxd2 33. Rxd2 Rf6 34. Qd7 Re6 35. Qd3 g6 36. Re2 e4 37. Qe3 Qd6 38. Kg2 Kc7 39. f3 exf3+ 40. Qxf3 Rxe2+ 41. Qxe2 Qd5+ 42. Kg1 Qxa2 43. Qe7+ Kc6 44. Qf6+ Kd7 45. Qg7+ Ke8 46. Qh8+ Ke7 47. Qxh7+ Qf7 48. Qh4+ Kd7 49. Qg4+ Qe6 50. Qd1+ Kc7 51. Qc1 Kb6 52. Qd1 Qe3+ 53. Kf1 Qd4 54. Qc2 Qf6+ 55. Kg1 a5 56. h3 a4 57. Kh2 Qd6 58. h4 Qc6 59. Qd2 b4 60. Qd8+ Kb5 61. Qb8+ Qb6 62. Qe8+ Qc6 63. Qe2+ c4 64. Qe5+ Ka6 65. Qd4 c3 66. Qd3+ Ka5 67. Qd8+ Kb5 68. Qb8+ Kc4 69. Qg8+ Kd3 70. Qd8+ Kc2 71. bxc3 b3 72. Qe7 b2 73. Qe2+ Kb3 74. Qd1+ Ka2 75. Qc2 Ka1 76. Qxb2+ Kxb2 77. g4 a3 78. h5 a2 79. hxg6 a1=Q 80. g7 Qah1+ 81. Kg3 Qcf3# 0-1

[Event "2nd China Binhai Open 2020"]
[Site "Tianjin"]
[Date "2020.01.13"]
[Round "2.35"]
[White "Matsuoka, Junichiro"]
[Black "Chen, Yining"]
[Result "1/2-1/2"]
[WhiteElo "1216"]
[BlackElo "1826"]
[PlyCount "77"]
[EventDate "2020.01.13"]
[EventType "swiss"]
[EventRounds "9"]
[EventCountry "CHN"]
[TimeControl "5400+30"]

1. Nf3 Nf6 2. d4 g6 3. c4 Bg7 4. Nc3 O-O 5. e4 d6 6. h3 c5 7. d5 e6 8. Bd3 exd5 9. exd5 Re8+ 10. Be2 Bf5 11. O-O Na6 12. a3 Nc7 13. Bd3 Qd7 14. Bxf5 gxf5 15. Rb1 Ne4 16. Qc2 Re7 17. Be3 Rae8 18. Qc1 Kh8 19. Bh6 Rg8 20. Bxg7+ Rxg7 21. Kh2 Re8 22. Ne2 b5 23. b3 Nf6 24. Qb2 Nh5 25. Rbe1 f6 26. Ng3 Nxg3 27. fxg3 Rxe1 28. Rxe1 Rf7 29. Nh4 Ne8 30. cxb5 Ng7 31. Qe2 Kg8 32. a4 Qb7 33. Qd3 Qd7 34. a5 Rf8 35. Rf1 Rb8 36. Nxf5 Qxb5 37. Nh6+ Kh8 38. Nf7+ Kg8 39. Nh6+ 1/2-1/2

[Event "2nd China Binhai Open 2020"]
[Site "Tianjin"]
[Date "2020.01.13"]
[Round "2.43"]
[White "Li, Yanzhe"]
[Black "Zhang, Yichi"]
[Result "0-1"]
[WhiteElo "1797"]
[BlackElo "1638"]
[PlyCount "96"]
[EventDate "2020.01.13"]
[EventType "swiss"]
[EventRounds "9"]
[EventCountry "CHN"]
[TimeControl "5400+30"]

1. e4 c5 2. Nf3 e6 3. Be2 Nc6 4. O-O Nf6 5. Nc3 Be7 6. d3 O-O 7. h3 e5 8. Nd5 d6 9. Nxe7+ Nxe7 10. Bg5 Ng6 11. Nh4 h6 12. Nxg6 fxg6 13. Bh4 g5 14. Bg3 Be6 15. c4 Qd7 16. Kh2 g4 17. h4 Nh5 18. Qd2 Nf4 19. Bxf4 exf4 20. Kh1 f3 21. gxf3 gxf3 22. Bd1 Bh3 23. Rg1 Bg2+ 24. Rxg2 fxg2+ 25. Kxg2 Rf6 26. Qe3 Raf8 27. f3 Rg6+ 28. Kh2 Qe7 29. Qf2 Qe5+ 30. Kh1 Rf4 31. Qh2 Qf6 32. h5 Rh4 33. hxg6 Rxh2+ 34. Kxh2 Qxb2+ 35. Kg3 Qxa1 36. Bb3 Qg1+ 37. Kf4 Qxg6 38. Ke3 h5 39. d4 h4 40. e5 cxd4+ 41. Kxd4 dxe5+ 42. Kxe5 h3 43. c5+ Kf8 44. Bd5 Qf6+ 45. Ke4 h2 46. Bxb7 h1=Q 47. Kd3 Qd1+ 48. Ke3 Qfd4# 0-1

[Event "2nd China Binhai Open 2020"]
[Site "Tianjin"]
[Date "2020.01.14"]
[Round "3.1"]
[White "Sethuraman, S.P."]
[Black "Lin, Yi"]
[Result "1-0"]
[WhiteElo "2638"]
[BlackElo "2416"]
[Annotator "TA"]
[PlyCount "93"]
[EventDate "2020.01.13"]
[EventType "swiss"]
[EventCountry "CHN"]
[SourceTitle "playchess.com"]
[Source "ChessBase"]
[SourceQuality "1"]

{[%evp 9,93,17,41,28,28,41,49,55,47,47,43,27,36,47,41,50,50,47,42,27,61,51,94,85,120,108,96,89,97,105,101,115,112,98,97,81,88,78,82,54,58,0,48,41,95,89,117,121,110,101,182,175,175,175,166,173,189,185,326,326,303,317,321,302,716,266,1734,1734,1100,1036,1966,1698,29972,29973,29975,29976,29976,29977,29977,29978,29973,29974,29979,29980,29975,29950]} 1. Nf3 Nf6 2. c4 g6 3. Nc3 d5 4. cxd5 Nxd5 5. h4 Nc6 (5... Nxc3 6. bxc3 Bg7 7. h5 c5 8. Rb1 b6 9. e4 O-O 10. hxg6 hxg6 11. d4 Bb7 12. Ng5 cxd4 13. Qg4 {½-½ (59) Carlsen,M (2875)-Mamedyarov,S (2774) Zagreb 2019}) 6. d4 {A16: English Opening: 1...Nf6 with ...d5} Bf5 7. Qb3 Nxc3 8. bxc3 {Threatens to win with Ng5.White is slightly better.} Na5 9. Qa4+ c6 10. c4 Bg7 11. Bd2 b6 12. Bxa5 bxa5 13. Qxc6+ {[#]} Bd7 $146 14. Qd5 O-O 15. e3 e6 16. Qd6 a4 17. Bd3 Qa5+ 18. Ke2 Rfd8 19. Qg3 Bc6 20. Rab1 Bxf3+ 21. Qxf3 Rab8 22. Qc6 e5 23. d5 Bf8 24. Qf6 {h5 is the strong threat.} Qc7 25. Qa6 ({White should play} 25. Kf3 $14) 25... a3 (25... e4 $5 26. Bxe4 Qe5 $14) 26. h5 $36 {[%cal Rh5g6][%mdl 2048] White is more active.} Rb6 (26... Rb2+ $14 27. Rxb2 axb2) 27. Rxb6 $16 Qxb6 28. Qxb6 axb6 {[%mdl 4096] Endgame KRB-KRB} 29. g4 g5 (29... Kg7 $16 {was worth a try.} 30. g5 Be7) 30. h6 $18 Rd6 31. Rh5 Bxh6 32. Kd2 Rf6 33. Kc3 Bf8 (33... e4 $142) 34. Bxh7+ ({Less strong is} 34. Rxg5+ Kh8 $16) 34... Kg7 35. Bf5 Be7 36. Rxg5+ Rg6 $2 (36... Kf8 37. Rh5 Rd6) 37. Rh5 $2 (37. Bxg6 Bxg5 38. Bf5) 37... Rh6 $2 (37... Rd6 38. Rh7+ Kg8) 38. Rxh6 Kxh6 {KB-KB} 39. Kb3 Kg5 40. Ka4 Kf6 41. Kb5 {White mates.} Bc5 42. d6 {[%mdl 64] [#] Deflection} Bxd6 43. Kxb6 Be7 44. c5 {[%cal Bc4c5,Bc5c6][%mdl 32]} Bd8+ 45. Kb7 Ke7 46. c6 Kd6 {[#]} 47. g5 $1 {[%mdl 64] Promotion. Accuracy: White = 71%, Black = 38%.} 1-0

[Event "2nd China Binhai Open 2020"]
[Site "Tianjin"]
[Date "2020.01.14"]
[Round "3.2"]
[White "Liu, Guanchu"]
[Black "Zhou, Jianchao"]
[Result "0-1"]
[WhiteElo "2427"]
[BlackElo "2623"]
[Annotator "TA"]
[PlyCount "66"]
[EventDate "2020.01.13"]
[EventType "swiss"]
[EventCountry "CHN"]
[SourceTitle "playchess.com"]
[Source "ChessBase"]
[SourceQuality "1"]

{[%evp 17,66,4,19,28,4,-9,-11,-15,0,-47,0,0,0,0,0,0,-3,-12,0,-2,-6,-74,-89,-95,-61,-90,-31,-83,-64,-56,-65,-97,-67,-118,-117,-116,-100,-114,-120,-117,-115,-113,-123,-179,-142,-135,-148,-156,-135,-162,-141]} 1. e4 c5 2. Nf3 e6 3. c3 Nf6 4. e5 Nd5 5. d4 cxd4 6. cxd4 d6 7. Bc4 Nc6 8. O-O Be7 9. a3 O-O 10. Bd3 {B22: Sicilian: 2 c3} Qb6 (10... Bd7 11. Qc2 g6 12. Bh6 Re8 13. Nbd2 Rc8 14. Qd1 dxe5 15. dxe5 Qc7 16. Qe1 Red8 17. Qe4 b5 {½-½ (70) Wang,H (2734)-Yu,Y (2734) Danzhou 2016}) 11. Bc2 dxe5 $146 ({Predecessor:} 11... Qc7 12. Qd3 g6 13. Qe4 b6 14. Bh6 Rd8 15. Rc1 Bb7 16. Ba4 Rac8 17. Nbd2 Qb8 {½-½ (40) Sevillano,E (2485)-Ruiz Castillo,J (2391) Las Vegas 2013}) 12. dxe5 {The position is equal.} Rd8 13. Qe1 (13. Qd3 {with more complications.} g6 14. Qe4 Bd7 15. Nbd2 Qc7 16. Nc4) 13... Bd7 14. Qe4 g6 15. Nbd2 Rac8 16. Nc4 Qc7 17. Bb3 Na5 18. Nxa5 Qxa5 19. Bg5 (19. Bxd5 $11 exd5 20. Qe3) 19... Bxg5 $17 20. Nxg5 {Strongly threatening Qh4.} h6 21. Nf3 {[#]} Bc6 (21... Ne7 $1 $17 22. Nd4 Qb6) 22. Nd4 (22. Qh4 $1 $15 Qb6 23. Bxd5 (23. Qxh6 Qxb3 24. Rad1 Qc2 $15) 23... Bxd5 24. Rab1) 22... Ne7 23. Nxc6 Rxc6 24. Bc4 Qc5 $36 {[%mdl 2048] Black has some pressure.} 25. b3 (25. Bd3 $15) 25... b5 26. Bd3 Rd5 27. a4 Rd4 28. Qe2 b4 29. Bc4 Nd5 ({Weaker is} 29... Rxc4 30. bxc4 Rc8 31. Qd2 $16) 30. Bxd5 (30. g3 $17 {was worth a try.}) 30... Rxd5 {Black is clearly better.} 31. Rfe1 Qc3 32. Rab1 a5 33. g3 Rcc5 {Accuracy: White = 35%, Black = 71%.} 0-1

[Event "2nd China Binhai Open 2020"]
[Site "Tianjin"]
[Date "2020.01.14"]
[Round "3.3"]
[White "Batchuluun, Tsegmed"]
[Black "Xu, Minghui"]
[Result "1/2-1/2"]
[WhiteElo "2530"]
[BlackElo "2404"]
[Annotator "TA"]
[PlyCount "106"]
[EventDate "2020.01.13"]
[EventType "swiss"]
[EventCountry "CHN"]
[SourceTitle "playchess.com"]
[Source "ChessBase"]
[SourceQuality "1"]

{[%evp 14,106,31,6,14,14,4,8,27,26,26,23,27,22,27,14,11,11,14,14,14,14,14,14,18,0,10,2,7,10,16,11,12,10,7,5,9,0,0,0,42,0,0,0,0,0,40,40,29,21,30,30,30,30,54,25,64,50,64,65,81,14,14,14,16,6,6,6,6,6,6,6,6,6,6,6,6,6,6,6,6,6,6,6,6,0,0,0,0,0,0,0,0,0,0]} 1. d4 Nf6 2. c4 e6 3. Nf3 d5 4. Nc3 Be7 5. Bf4 O-O 6. e3 Nbd7 7. c5 c6 8. h3 b6 {D37: Queen's Gambit Declined: 5 Bf4} 9. b4 a5 10. a3 $1 h6 11. Bd3 Ba6 {...Bxd3 is the strong threat.} 12. O-O (12. Bxa6 Rxa6 13. O-O Qc8 14. Qc2 Qb7 15. Rab1 axb4 16. axb4 {½-½ (23) Zhou,J (2608)-Nguyen,N (2636) Changsha 2019}) 12... Qc8 13. Qe2 Qb7 {[#]} 14. Rab1 $146 ({Predecessor:} 14. Rfc1 Bxd3 15. Qxd3 b5 16. Nd2 axb4 17. axb4 Rxa1 18. Rxa1 {1-0 (35) Dziuba,M (2511)-Zeberski,J (2410) Pardubice 2006}) 14... Bxd3 15. Qxd3 axb4 16. axb4 Ra3 17. Qc2 Rfa8 18. Rfc1 Bd8 19. Rb2 Ra1 20. Nd2 Bc7 21. Bxc7 {[#] Black must now prevent cxb6.} Qxc7 22. Rxa1 Rxa1+ 23. Rb1 Rxb1+ 24. Qxb1 e5 25. Qa1 exd4 26. exd4 Qf4 27. Nf3 {White wants to play b5.} bxc5 28. bxc5 Ne4 29. Qa8+ Kh7 {[#] And now ...Qc1+ would win.} 30. Ne2 Qc7 31. Ne1 Qb8 32. Qxb8 Nxb8 $11 {[%mdl 4096] Endgame KNN-KNN} 33. Nd3 f6 34. Nb4 Kg8 35. f3 Nd2 36. Kf2 Kf7 37. h4 (37. g4 $16) 37... g5 {The position is equal.} 38. hxg5 hxg5 39. g4 Nb3 40. Ke3 Na5 41. Ng3 Nd7 42. Nf5 Nf8 43. Nd6+ Ke7 44. f4 gxf4+ 45. Kxf4 Ne6+ 46. Ke3 Kd7 47. Kd3 Nb3 48. Nf5 Na5 49. Ne3 Nf4+ 50. Kc3 Ne2+ 51. Kd3 Nf4+ 52. Kc3 Ne2+ 53. Kd3 Nf4+ {Accuracy: White = 44%, Black = 67%.} 1/2-1/2

[Event "2nd China Binhai Open 2020"]
[Site "Tianjin"]
[Date "2020.01.14"]
[Round "3.4"]
[White "Huang, Renjie"]
[Black "Liu, Yan"]
[Result "0-1"]
[WhiteElo "2416"]
[BlackElo "2513"]
[Annotator "TA"]
[PlyCount "108"]
[EventDate "2020.01.13"]
[EventType "swiss"]
[EventCountry "CHN"]
[SourceTitle "playchess.com"]
[Source "ChessBase"]
[SourceQuality "1"]

{[%evp 9,116,25,16,16,30,35,29,44,62,64,68,33,44,43,56,47,76,56,54,54,65,15,62,100,95,77,87,92,148,133,155,138,307,280,304,298,306,287,372,382,358,234,307,300,306,300,292,275,230,129,124,105,137,119,143,120,64,111,63,54,78,-110,-110,-127,-127,-155,-160,-183,-192,-186,-195,-193,-196,-297,-243,-435,-433,-429,-406,-541,-531,-511,-531,-581,-476,-459,-458,-460,-447,-413,-399,-399,-356,-399,-399,-399,-399,-399,-399,-399,-377,-1205,-729,-5735,-4781,-4775,-4770,-29968,-29949]} 1. e4 c5 2. Nf3 d6 3. Bb5+ Nd7 4. O-O a6 5. Bd3 Ngf6 6. Re1 {B51: Sicilian: Moscow Variation (3 Bb5+) without 3...Bd7} b6 7. c3 Bb7 8. Bc2 {White has an edge.} c4 $146 ({Predecessor:} 8... e6 9. d4 cxd4 10. cxd4 Be7 11. Nc3 b5 12. d5 e5 {1-0 (40) Svidler,P (2746)-Ushenina,A (2500) Tromsoe 2013}) 9. b3 Qc7 10. Qe2 Rc8 $1 11. Na3 {[%cal Ra3c4]} cxb3 12. axb3 e5 13. Bb2 Be7 14. d4 O-O 15. Bd3 b5 16. c4 b4 17. Nc2 {[%cal Ba3c2,Bc2e3,Be3d5][%mdl 32]} a5 18. Ne3 $1 Rfe8 (18... g6 $142) 19. Nd5 $16 Nxd5 20. exd5 {[%cal Rd4e5]} f6 $2 (20... g6 $16) 21. Bf5 Ra8 22. Be6+ ({Weaker is} 22. dxe5 fxe5 23. Nd4 Nf8 $16) 22... Kh8 23. Nh4 Nf8 24. Bf7 Reb8 25. f4 ({Not} 25. dxe5 fxe5 26. Nf5 a4 $14) 25... g6 26. fxe5 dxe5 27. dxe5 Bc5+ 28. Kh1 Qxf7 29. e6 (29. Rf1 $18 Be7 30. Rae1) 29... Nxe6 30. dxe6 Qe7 31. Rad1 Rd8 32. Qf1 Kg7 {[#]} 33. Rd7 $1 {[%mdl 512]} Rxd7 34. exd7 Qf7 $1 35. Re8 $2 (35. Qf4 $1 $16 {[%cal Rf4c7] is necessary to keep the advantage.} Bc6 36. Bd4 Bxd4 37. Qd6 Qxd7 38. Re7+ Qxe7 39. Qxe7+ Kh6 40. Qd6) 35... Be7 $17 36. Rxa8 Bxa8 37. Qe2 {[#]} Bc6 $1 38. Qg4 {Nf5+ is the strong threat.} Bd8 39. Nf5+ Kf8 40. Ne3 Qxd7 41. Qe2 (41. Qxd7 {is a better defense.} Bxd7 42. Kg1) 41... Be4 $40 {[%mdl 128] Black has strong attack.} 42. Ng4 $2 {[#]} (42. Nc2 Qd3 43. Qxd3 Bxd3 44. Nd4) 42... Qd3 $1 $19 43. Qxd3 Bxd3 44. Nxf6 {[%mdl 4096] Endgame KBB-KBN} Bc2 45. Nd7+ Ke7 46. Ne5 Bb6 47. c5 Bxc5 48. Nc6+ Kd6 49. Nxa5 Kd5 50. Bc1 Kd4 51. Bf4 Kc3 52. Be5+ Bd4 53. Bd6 {[#] and the idea Nc6 leaves White hopeful.} Be4 $1 54. h4 Bb6 {Played: Be4-d5} 0-1

[Event "2nd China Binhai Open 2020"]
[Site "Tianjin"]
[Date "2020.01.14"]
[Round "3.5"]
[White "Zhao, Chenxi"]
[Black "Peng, Xiongjian"]
[Result "1-0"]
[WhiteElo "2396"]
[BlackElo "2489"]
[Annotator "TA"]
[PlyCount "117"]
[EventDate "2020.01.13"]
[EventType "swiss"]
[EventCountry "CHN"]
[SourceTitle "playchess.com"]
[Source "ChessBase"]
[SourceQuality "1"]

{[%evp 17,124,0,25,-33,-33,-24,-29,-32,-33,-37,29,21,39,60,41,25,25,22,16,35,37,0,-17,-533,-545,-547,-526,-533,-519,-479,-39,-35,-9,-10,45,48,112,112,122,112,129,125,137,127,123,116,116,109,84,4,60,67,141,141,343,123,123,123,123,123,123,126,176,166,264,264,544,547,567,235,264,93,599,611,585,590,677,666,860,847,29964,29939,6079,5197,29980,29980,29980,29981,29981,29981,29981,29982,29984,29984,29985,29982,29982,29982,29983,29983,29983,29983,29985,29983,29983,29984,29984,29985,29999]} 1. e4 e6 2. Qe2 c5 3. Nf3 Nc6 4. g3 Nf6 5. Bg2 d5 6. d3 Be7 7. O-O b6 8. e5 Nd7 9. c4 d4 10. Re1 $146 {C00: French: Unusual White 2nd moves} (10. Ne1 $11 Bb7 11. f4) ({Predecessor:} 10. h4 h6 11. h5 Qc7 12. Bf4 Bb7 13. Nbd2 O-O-O 14. Rfe1 Rdg8 15. Ne4 g5 16. hxg6 Rxg6 17. a3 h5 18. b4 {1-0 (37) Bologan,V (2680)-Dvirnyy,D (2492) Caleta 2012}) 10... Bb7 $15 11. h4 h6 12. h5 {Black has an edge.} Qc7 13. a3 O-O-O (13... Na5 $15) 14. Nbd2 $11 Rdg8 15. b4 g6 16. hxg6 Rxg6 17. Ne4 Rhg8 ({Much worse is} 17... Ncxe5 $6 18. Nxe5 Qxe5 19. Bf4 $16) 18. Bf4 h5 19. bxc5 ({White should play} 19. Kf1 $14) 19... Nxc5 20. Nf6 $2 {[%mdl 8192]} (20. Nxc5 $11 {and White stays safe.} bxc5 21. Nd2) 20... Bxf6 $19 21. exf6 {[#]} Qxf4 $3 {[%mdl 512]} 22. gxf4 Rxg2+ 23. Kh1 {[#] next Rg1 is good for White.} R2g4 $2 (23... Nd8 $1 $19 {And now ...R2g4 would win.} 24. Rg1 R2g4) 24. Kh2 $1 $15 Nd8 (24... Ne5 $5 25. fxe5 Bxf3 26. Qxf3 Rh4+ 27. Qh3 Rxh3+ 28. Kxh3 Nxd3 $11 {[%mdl 64] Double Attack}) 25. Ng5 $1 {Threatens to win with Rg1.} Rxf4 (25... e5 $11 26. Qxe5 Nde6) 26. Rg1 $14 Rxf6 (26... Rg6 $1 $14) 27. Nh7 $36 {[%mdl 2048] White is in control.} Rxg1 28. Rxg1 ({Not} 28. Kxg1 Rf5 $17) 28... Rf5 29. Rg5 Rf3 30. Rg3 Rf5 31. Rg8 Nd7 32. Rg5 {Black must now prevent Rxf5.} Rf4 33. Rxh5 ({White should try} 33. Qxh5 $16 {Kg1 is the strong threat.} Rxf2+ 34. Kg1) 33... e5 (33... Bf3 $11 34. Qd2 e5) 34. Kg3 $14 Ne6 (34... f6 $14) 35. Ng5 $16 Nec5 $2 (35... Nxg5 $16 36. Rxg5 f6) 36. Rh4 $2 (36. Rh7 $18 {is the precise move to win.}) 36... f6 37. Rxf4 exf4+ 38. Kxf4 fxg5+ 39. Kxg5 Kc7 40. f4 Kd6 (40... Ba6 {might work better.} 41. f5 b5 42. Qh2+ Kc6) 41. Kh6 $18 Ne6 $2 (41... Kc7 42. f5 b5 43. cxb5 Kd6) 42. f5 Nec5 43. Kg7 (43. Qb2 $142) 43... Ne5 44. f6 $2 (44. Qf2 $18 Nexd3 45. Qxd4+ Kc7 46. Kh6) 44... Bf3 $2 {[%mdl 8192]} (44... Ne6+ $16 {holds on.} 45. Kg8 Bc6) 45. Qh2 Ne6+ 46. Kg8 Nd8 47. Qf4 Ne6 48. f7 Be2 49. f8=Q+ Nxf8 50. Kxf8 Bxd3 51. Qf6+ {White mates.} Kc5 52. Qxe5+ Kxc4 53. Qc7+ {[%mdl 64] Double Attack} Kd5 54. Qxa7 b5 55. Ke7 Bc4 56. Qd7+ Ke5 57. Qg4 d3 58. Qd1 Kd4 59. Kd6 {Played: Qd1-d2} 1-0

[Event "2nd China Binhai Open 2020"]
[Site "Tianjin"]
[Date "2020.01.14"]
[Round "3.6"]
[White "Nie, Xinyang"]
[Black "Zhao, Yuanhe"]
[Result "1-0"]
[WhiteElo "2379"]
[BlackElo "2466"]
[Annotator "TA"]
[PlyCount "93"]
[EventDate "2020.01.13"]
[EventType "swiss"]
[EventCountry "CHN"]
[SourceTitle "playchess.com"]
[Source "ChessBase"]
[SourceQuality "1"]

{[%evp 21,93,0,0,0,21,1,35,50,47,41,58,25,54,0,37,37,37,29,33,31,34,35,102,97,218,211,213,213,216,211,214,212,201,195,245,258,263,268,293,295,375,265,386,393,385,382,476,480,415,305,290,285,279,262,262,260,271,260,245,233,371,347,201,479,480,472,472,475,460,464,443,414,437,432]} 1. d4 Nf6 2. Nf3 d5 3. c4 c6 4. cxd5 cxd5 5. Nc3 Nc6 6. Bf4 Bf5 7. e3 e6 8. Qb3 Bb4 9. Bb5 O-O 10. O-O Bxc3 11. Qxc3 Rc8 12. Qa3 {D14: Slav Defence: Exchange variation with ...Bf5} (12. Rac1 Ne5 13. Qa3 Nxf3+ 14. gxf3 a6 15. Be2 Qd7 16. Rc5 Rxc5 17. dxc5 Re8 18. Qc3 Qa4 19. Rc1 Rc8 {½-½ (48) Sumets,A (2589)-Burg,T (2518) Haarlem 2014}) 12... Qb6 13. Bxc6 Rxc6 14. Rac1 {White is slightly better.} Rfc8 15. Rxc6 Rxc6 16. Ne5 {aiming for Qe7.} (16. Qe7 $5 {[%cal Rf3e5]} Rc8 17. Ne5 $14) 16... Rc8 17. b3 (17. Qe7 $14 Bg6 18. h4) 17... Qa6 $146 ({Predecessor:} 17... Ne4 18. Rc1 Nc3 19. Kh1 f6 20. Nf3 Rc6 21. Qe7 h6 22. Bxh6 gxh6 23. Qe8+ Kg7 24. Qe7+ Kg8 25. Qe8+ Kg7 {½-½ (25) Lechtynsky,J (2400)-Milov,L (2481) Bayern 2001}) 18. Qe7 $40 {[%mdl 128] White mounts an attack.} Bg6 19. f3 b6 20. a4 Re8 21. Qd6 Qc8 ({Better is} 21... h6 $14) 22. Nc6 $1 $16 {Ne7+ is the strong threat.} Qd7 (22... Qa6 $16 {is a better defense.}) 23. Qxd7 $18 Nxd7 24. Rc1 ({Not} 24. Nxa7 Bc2 $14) 24... f6 25. Nxa7 e5 {[#]} 26. Bg3 $1 exd4 27. exd4 Re3 {[#]} 28. Rc7 $1 Nf8 29. Nc6 {Hoping for Ne7+.} Ne6 30. Re7 Re2 31. Rb7 h5 (31... Rc2 $142) 32. Ne7+ Kh7 33. Nxd5 Bc2 34. Nxf6+ Kg6 35. Nd5 Bxb3 36. Nf4+ ({Weaker is} 36. Rxb6 Bxd5 37. Rd6 Bb3 $16) ({Much less strong is} 36. Nxb6 $6 Nxd4 37. a5 Ra2 $18) 36... Nxf4 37. Bxf4 Bxa4 38. Rxb6+ {[%mdl 4096] Endgame KRB-KRB} Kh7 39. Rb7 Bc6 40. Rc7 Bb5 (40... Re6 $142 41. Be5 Rg6) 41. Be5 Re1+ 42. Kf2 Re2+ 43. Kg3 h4+ 44. Kh3 Bd3 45. Rxg7+ Kh6 46. Rf7 Kg6 47. Rf8 {Accuracy: White = 85%, Black = 33%.} 1-0

[Event "2nd China Binhai Open 2020"]
[Site "Tianjin"]
[Date "2020.01.14"]
[Round "3.7"]
[White "Zou, Chen"]
[Black "Zhai, Mo"]
[Result "1/2-1/2"]
[WhiteElo "2460"]
[BlackElo "2360"]
[Annotator "TA"]
[PlyCount "95"]
[EventDate "2020.01.13"]
[EventType "swiss"]
[EventCountry "CHN"]
[SourceTitle "playchess.com"]
[Source "ChessBase"]
[SourceQuality "1"]

{[%evp 9,95,26,33,22,21,21,31,5,4,3,7,-16,-19,-30,0,0,-5,-46,-4,-60,-67,-72,-72,-65,-44,-41,12,13,11,10,7,3,14,18,27,22,16,4,4,4,6,3,10,3,4,3,7,6,27,20,27,27,21,28,22,6,22,21,17,11,16,11,11,0,4,0,0,0,0,-4,-4,-12,0,0,0,0,0,0,0,-2,0,0,0,0,0,0,0,0]} 1. e4 e5 2. Nf3 Nc6 3. Bb5 Nf6 4. d3 Bc5 5. Bxc6 dxc6 6. Nbd2 $146 {C65: Ruy Lopez: Berlin Defence (3...Nf6), unusual lines and 4 0-0 Bc5} (6. Qe2 Qe7 7. h3 Bd6 8. Nbd2 Nd7 9. O-O O-O 10. Nc4 Re8 11. Re1 c5 12. Nh2 Nf8 13. f4 exf4 {½-½ (33) Aronian,L (2763)-Anand,V (2774) Karlsruhe/Baden Baden 2019}) ({Predecessor:} 6. Qe2 Qe7 7. Nbd2 Bg4 8. h3 Bh5 9. Nf1 {0-1 (38) Deac,B (2566)-Parligras,M (2613) Baile Govora 2017}) 6... Bg4 7. h3 Bh5 8. Qe2 {White is slightly better.} Nd7 9. Nf1 Qe7 10. g4 Bg6 11. Ng3 O-O-O 12. Bd2 f6 13. Nh4 Nf8 14. f4 ({White should try} 14. Nhf5 $11 Qd7 15. b4) 14... exf4 $15 15. Bxf4 Ne6 16. Nhf5 Qf8 17. Bd2 Nd4 (17... Bxf5 $15 18. Nxf5 g6) 18. Nxd4 $11 Bxd4 19. O-O-O c5 20. Nf5 Qf7 21. Kb1 Rhe8 22. Qf3 Re6 23. Nxd4 cxd4 24. h4 {[#] Black must now prevent h5.} h6 25. Rdf1 Ra6 26. b3 Qe7 27. Bc1 Qc5 28. Rf2 Qa5 {[%csl Ga6][%cal Ra5a2] [#]} 29. a3 Qc5 30. g5 fxg5 31. hxg5 h5 $1 32. Rhf1 {And now Qh3+ would win.The position is equal.} Qe5 33. Qh3+ Qe6 34. Qg3 Qd6 35. Qxd6 Raxd6 36. Rf8 c5 37. Bd2 Rxf8 38. Rxf8+ Rd8 39. Rxd8+ (39. Rf4 {seems wilder.} Rd7 40. b4 b6 41. Be1 Rf7 42. Rxf7 Bxf7 43. bxc5 bxc5 44. Bf2) 39... Kxd8 {[%mdl 4096] Endgame KB-KB} 40. Be1 Kd7 41. Kc1 Bf7 42. Kd2 g6 43. Bg3 Be6 44. a4 a5 45. Kc1 Bg4 46. Kd2 Be6 47. Kc1 Bg4 48. Kd2 {Accuracy: White = 59%, Black = 57%.} 1/2-1/2